| 000 | 01434nam a2200373 i 4500 | ||
|---|---|---|---|
| 001 | bslw10091598 | ||
| 005 | 20240305165656.0 | ||
| 006 | m o d | ||
| 007 | cr un ---uuuua | ||
| 008 | 230926s2023 sp ah ob 000 0 spa d | ||
| 020 | _a9788411224451 | ||
| 020 |
_a9788411700153 _q(ISBN electrónico) |
||
| 035 | _a38815 | ||
| 040 |
_aUtOrBLW _beng _erda _cUtOrBLW |
||
| 043 | _ae-sp--- | ||
| 050 | 4 |
_aKKT110.J33 _bL85 2023 |
|
| 082 | 0 | 4 |
_a349.46 _223 |
| 100 | 1 |
_aLuján Alcaraz, José, _eauthor. |
|
| 245 | 1 | 0 |
_aLibro homenaje al inmarcesible jurista Jacobo de las leyes : _bun jurista del siglo xxi en la época de las partidas / _cJavier Carrascosa González, María Asunción Cebrián Salvat, Isabel Lorente Martinez, coordinadores ; autores: José Luján Alcaraz [and 10 others]. |
| 264 | 1 |
_aMadrid : _bDykinson, S.L., _c[2023] |
|
| 300 |
_a420 pages : _billustrations, facsimiles |
||
| 336 |
_atext _btxt _2rdacontent |
||
| 337 |
_acomputer _bc _2rdamedia |
||
| 338 |
_aonline resource _bcr _2rdacarrier |
||
| 504 | _aIncludes bibliographical references. | ||
| 600 | 0 | 0 |
_aJacobo, _cMaestro, _d-1294 _xInfluence. |
| 650 | 0 |
_aLaw _zSpain _xHistory. |
|
| 650 | 0 |
_aLawyers _zSpain. |
|
| 700 | 1 |
_aCarrascosa González, Javier, _eeditor. |
|
| 700 | 1 |
_aCebrián Salvat, María Asunción, _eeditor. |
|
| 700 | 1 |
_aLorente Martínez, Isabel, _eeditor. |
|
| 856 | 4 | 0 | _uhttps://app.vlex.com/#/sources/38815 |
| 942 | _cRAA | ||
| 999 |
_c173113 _d173113 |
||